| 000 | 00847nam a22002897a 4500 | ||
|---|---|---|---|
| 003 | CHAP | ||
| 005 | 20220920164604.0 | ||
| 008 | 971013s r 00010 d | ||
| 010 | _a30162 | ||
| 011 | _a31134 | ||
| 035 | _a35246 | ||
| 040 | _cCHAP | ||
| 090 | _aR-2083 | ||
| 100 | 0 | 0 |
_aNarin, Francis. _980231 |
| 245 | _aInterrelationships of scientific journals | ||
| 500 | _a23 (5) : 323-331, 1972 | ||
| 500 | _aSobretiro de : Journal of the American Society for Information Science | ||
| 590 |
_aBATCH-UPD _b10 _c20130110 |
||
| 590 |
_aBATCH-UPD _b10 _c20130410 |
||
| 590 |
_aBATCH-UPD _b10 _c20130914 |
||
| 590 |
_aCONVERSION _b10 _c20130109 |
||
| 650 | 1 | 4 |
_aComunicación científica. _926209 |
| 650 | 1 | 4 |
_aPublicaciones periódicas. _992714 |
| 901 | _aBK | ||
| 942 |
_cREIMP _2local |
||
| 949 |
_aR-2083 _bBC _cB _d-81401 _eB _i35246 _si |
||
| 999 |
_c30162 _d30162 |
||